| 000 | 00453cam a2200181ua 4500 | ||
|---|---|---|---|
| 020 | _a81-7023-465-4 | ||
| 041 |
_aeng _h |
||
| 082 |
_a515.9 _bMOO/CO |
||
| 100 | _aMoore, Theral O . | ||
| 245 |
_aComplex analysis / _cTheral O Moore. _hTextual Documents |
||
| 250 |
_a1 / _b. |
||
| 260 |
_aMumbai : _bAllied Publishers Pvt Ltd , _c1991. |
||
| 300 | _a391 ; . | ||
| 504 | _a | ||
| 700 | 1 | _aHadlock , Edwin H . | |
| 942 | _cBK | ||
| 999 |
_c5332 _d5332 |
||